000 00503nam a2200181Ia 4500
005 20250508151938.0
008 008 250505s9999 xx 000 0 eng d
037 _aReference
040 _aFEDL
_beng
_cFEDL
041 _aeng
_2eng
084 _a370.58, YEA
_qFEDL
100 _aHall Robert King
_9758329
245 0 _aYear book of education 1955
260 _aLondon, UK
_bEvans Brothers Limited
_c1955
300 _a644p.
942 _cREF
_h370.58, YEA
999 _c1333130
_d1333130